00510nam a22001697a 450000500170000001000150001702000260003203500130005803700130007108200140008410000210009824500560011926000310017527000830020630000250028949000260031420140922114647.0 aENG-110898 a9789351432463c180.00 aEN-94430 bDBAD/PUB a346.54048 aRosedar S. R. A. aIntellectual property rights /cby Rosedar S. R. A. aGurgaonbLexis Nexisc2014 a14th Floor, Building No.10, Tower-B, DLF Cyber City, Phase-IIbGurgaone122002 aix,184p. c23cm(pbk) aQuick reference guide